| 000 | 00579nam a2200193Ia 4500 | ||
|---|---|---|---|
| 999 |
_c32424 _d32424 |
||
| 003 | OSt | ||
| 005 | 20200803104324.0 | ||
| 008 | 190216s9999||||xx |||||||||||||| ||und|| | ||
| 020 | _a9780817682644 | ||
| 040 | _coclc | ||
| 082 |
_a515.353 _bDEB/N |
||
| 100 |
_aDebnath, Lokenath _93899 |
||
| 245 | 0 |
_aNonlinear Partial Differential Equations For Scientists and Engineers / _cLokenath Debnath |
|
| 250 | _a3rd Ed. | ||
| 260 |
_bBirkhauser, _c2012. _aUSA: |
||
| 300 | _a860p | ||
| 650 | _aMathematics | ||
| 942 |
_cBK _2ddc _h515.353 _iDEB/N _k515.353 _mDEB/N |
||